[Event "CZE-chT1E 0910"]
[Site "Czech Republic"]
[Date "2010.04.11"]
[Round "11.5"]
[White "Brazdil, Roman"]
[Black "Knazovcik, Ladislav"]
[Result "1/2-1/2"]
[WhiteElo "2170"]
[BlackElo "2302"]
[PlyCount "45"]
[EventDate "2009.11.15"]
[EventType "team-tourn"]
[EventRounds "11"]
[EventCountry "CZE"]
[SourceTitle "EXT 2011"]
[Source "ChessBase"]
[SourceDate "2010.11.26"]
[SourceVersion "1"]
[SourceVersionDate "2010.11.26"]
[SourceQuality "1"]
[WhiteTeam "Kromeriz"]
[BlackTeam "Stare Mesto"]
[WhiteTeamCountry "CZE"]
[BlackTeamCountry "CZE"]

1. e4 c6 2. d4 d6 3. Nf3 Nf6 4. Nc3 Bg4 5. Be2 e6 6. 0-0 Be7 7. Be3 0-0 8. h3 Bh5 9. e5 Nd5 10. Nxd5 cxd5 11. c3 Nc6 12. exd6 Bxd6 13. Ne5 Bxe2 14. Qxe2 Qc7 15. f4 Rfe8 16. Rae1 f6 17. Nd3 Qf7 18. Qf3 Ne7 19. Bf2 b6 20. Qe2 Ng6 21. Qf3 Ne7 22. Qe2 Ng6 23. Qf3 1/2-1/2

[Event "CZE-chT1E 0910"]
[Site "Czech Republic"]
[Date "2010.02.07"]
[Round "8.5"]
[White "Knazovcik, Ladislav"]
[Black "Kuchynka, Lukas"]
[Result "0-1"]
[WhiteElo "2302"]
[BlackElo "2317"]
[PlyCount "46"]
[EventDate "2009.11.15"]
[EventType "team-tourn"]
[EventRounds "11"]
[EventCountry "CZE"]
[SourceTitle "EXT 2011"]
[Source "ChessBase"]
[SourceDate "2010.11.26"]
[SourceVersion "1"]
[SourceVersionDate "2010.11.26"]
[SourceQuality "1"]
[WhiteTeam "Stare Mesto"]
[BlackTeam "Litovel"]
[WhiteTeamCountry "CZE"]
[BlackTeamCountry "CZE"]

1. d4 Nf6 2. Nf3 e6 3. Bf4 c5 4. e3 Nc6 5. c3 d5 6. Nbd2 Be7 7. h3 Bd7 8. Qb3 b6 9. Qc2 0-0 10. Bd3 g6 11. g4 Ne8 12. h4 c4 13. Be2 f6 14. e4 b5 15. g5 dxe4 16. Nxe4 e5 17. gxf6 exf4 18. fxe7 Qxe7 19. Nc5 Bf5 20. Qd2 Nf6 21. 0-0-0 Ne4 22. Qxf4 Nxc5 23. dxc5 Qxe2 0-1

[Event "CZE-chT1E 0910"]
[Site "Czech Republic"]
[Date "2009.11.15"]
[Round "1.4"]
[White "Adamek, Jiri"]
[Black "Knazovcik, Ladislav"]
[Result "1-0"]
[WhiteElo "2278"]
[BlackElo "2302"]
[PlyCount "157"]
[EventDate "2009.11.15"]
[EventType "team-tourn"]
[EventRounds "11"]
[EventCountry "CZE"]
[SourceTitle "EXT 2011"]
[Source "ChessBase"]
[SourceDate "2010.11.26"]
[SourceVersion "1"]
[SourceVersionDate "2010.11.26"]
[SourceQuality "1"]
[WhiteTeam "Poruba"]
[BlackTeam "Stare Mesto"]
[WhiteTeamCountry "CZE"]
[BlackTeamCountry "CZE"]

1. e4 c6 2. d4 d6 3. c4 Nf6 4. Nc3 e5 5. Nf3 Qc7 6. Be2 Bg4 7. h3 Bxf3 8. Bxf3 Nbd7 9. 0-0 Be7 10. g3 0-0 11. Bg2 Rfe8 12. Kh2 a6 13. d5 Bf8 14. Qe2 Rac8 15. Bd2 cxd5 16. cxd5 b5 17. Rfc1 Qb7 18. Bf1 Nb6 19. b3 Be7 20. f3 Nfd7 21. h4 Rc7 22. Nd1 Rec8 23. Rxc7 Rxc7 24. Rc1 Rxc1 25. Bxc1 Qc7 26. Be3 Bd8 27. Bh3 Nf8 28. Nb2 Nbd7 29. Nd3 Qc3 30. Qd2 Qa1 31. Bxd7 Nxd7 32. Kg2 Qb1 33. Nf2 Kf8 34. Nd1 Ke7 35. Nc3 Qa1 36. Qc2 Ba5 37. Nd1 Bb4 38. Nf2 Bc3 39. Nd1 Ba5 40. Nf2 Qe1 41. Nd1 f6 42. Bf2 Qd2 43. Qxd2 Bxd2 44. h5 g6 45. hxg6 hxg6 46. g4 Nc5 47. Kf1 Nd3 48. Ke2 Nxf2 49. Nxf2 Bb4 50. Nd3 Bc3 51. Nc1 Kd7 52. Kd3 Bb2 53. Ne2 Ba3 54. f4 Bc5 55. Kc3 Bf2 56. Kc2 Be3 57. f5 gxf5 58. gxf5 Kc7 59. Kd3 Bf2 60. Nc1 Kb6 61. Ke2 Bh4 62. Nd3 Bg5 63. Kf3 Kc7 64. Kg4 Bd2 65. Kh5 Kd7 66. Kg6 Ke7 67. Kg7 Bc3 68. Nf2 Bd2 69. Ng4 Bg5 70. Nh6 Kd7 71. Ng8 Kc7 72. Nxf6 Kb6 73. Ne8 Kc5 74. f6 a5 75. f7 Be7 76. f8Q Bxf8+ 77. Kxf8 a4 78. bxa4 bxa4 79. a3 1-0

[Event "CZE-chT1E 0809"]
[Site "Czech Republic"]
[Date "2009.02.01"]
[Round "7.7"]
[White "Zwardon, Vojtech"]
[Black "Knazovcik, Ladislav"]
[Result "0-1"]
[WhiteElo "2194"]
[BlackElo "2271"]
[PlyCount "72"]
[EventDate "2008.11.08"]
[EventType "team-tourn"]
[EventRounds "11"]
[EventCountry "CZE"]
[SourceTitle "EXT 2010"]
[Source "ChessBase"]
[SourceDate "2010.11.25"]
[SourceVersion "1"]
[SourceVersionDate "2010.11.25"]
[SourceQuality "1"]
[WhiteTeam "Karvina"]
[BlackTeam "Stare Mesto"]
[WhiteTeamCountry "CZE"]
[BlackTeamCountry "CZE"]

1. f4 d5 2. Nf3 Nf6 3. b3 g6 4. Bb2 Bg7 5. e3 0-0 6. Be2 c5 7. d4 Nc6 8. 0-0 b6 9. Ne5 Bb7 10. Nd2 cxd4 11. exd4 Rc8 12. c3 Qd6 13. Bd3 e6 14. a4 Ne7 15. Qe2 Qc7 16. Rac1 Nf5 17. Ba3 Rfe8 18. Bb5 Red8 19. g4 Nd6 20. c4 dxc4 21. g5 Nxb5 22. axb5 Ne8 23. Ndxc4 Qb8 24. Rce1 Rxd4 25. Nxf7 Re4 26. Qd3 Bd4+ 27. Qxd4 Rxd4 28. Nh6+ Kg7 29. Bb2 Rcd8 30. Rxe6 Qc7 31. Rfe1 Qxf4 32. Ne5 Bd5 33. Re7+ Kf8 34. Nd7+ Rxd7 35. Rxe8+ Kg7 36. R1e4 Qxe4 0-1

[Event "MOR-chT 0203"]
[Site "Moravia"]
[Date "2003.02.23"]
[Round "8"]
[White "Misiuga, Andrzej"]
[Black "Knazovcik, Ladislav"]
[Result "1/2-1/2"]
[WhiteElo "2237"]
[BlackElo "2317"]
[PlyCount "125"]
[EventDate "2002.10.??"]
[EventType "team"]
[EventRounds "11"]
[EventCountry "CZE"]
[SourceTitle "EXT 2006"]
[Source "ChessBase"]
[SourceDate "2005.11.24"]
[SourceVersion "1"]
[SourceVersionDate "2005.11.24"]
[SourceQuality "1"]

1. Nf3 d5 2. g3 c6 3. Bg2 Nd7 4. d4 Ngf6 5. 0-0 e6 6. b3 Be7 7. Bb2 0-0 8. Nbd2 a5 9. Ne5 Nxe5 10. dxe5 Nd7 11. a4 Qc7 12. f4 f5 13. Kh1 b6 14. g4 Bb7 15. gxf5 exf5 16. c4 dxc4 17. bxc4 Nc5 18. Qc2 Rad8 19. Rad1 Ne6 20. Nb3 Rxd1 21. Qxd1 g6 22. Qc2 Qc8 23. c5 Rd8 24. cxb6 c5 25. e3 Qa8 26. Kg1 Bxg2 27. Qxg2 Qxg2+ 28. Kxg2 Rb8 29. Bc3 Rxb6 30. Nxa5 Kf7 31. Nc4 Rb3 32. Bd2 Nc7 33. Ra1 Ke6 34. Kf3 Na6 35. a5 Kd5 36. Rc1 Kc6 37. Ke2 Bd8 38. Be1 Bc7 39. Bh4 Rb8 40. e6 Re8 41. e7 Nb4 42. Ne5+ Bxe5 43. fxe5 Nd5 44. e4 fxe4 45. Rf1 Nxe7 46. Rf6+ Kd5 47. Rf7 Nf5 48. Rxh7 Kxe5 49. Bf2 e3 50. Be1 Ke4 51. Bc3 Nd4+ 52. Bxd4 cxd4 53. Rd7 Re6 54. Rd8 Rc6 55. Re8+ Kd5 56. Rd8+ Kc4 57. h4 Kc5 58. Kd3 Re6 59. Rc8+ Kb5 60. Rc1 Rd6 61. Ke4 Rd8 62. Kd3 Rd5 63. Rg1 1/2-1/2

[Event "MOR-chT 0203"]
[Site "Moravia"]
[Date "2002.12.08"]
[Round "4"]
[White "Dvorak, Tomas"]
[Black "Knazovcik, Ladislav"]
[Result "1-0"]
[WhiteElo "2314"]
[BlackElo "2317"]
[PlyCount "103"]
[EventDate "2002.10.??"]
[EventType "team"]
[EventRounds "11"]
[EventCountry "CZE"]
[SourceTitle "EXT 2005"]
[Source "ChessBase"]
[SourceDate "2004.11.15"]
[SourceVersion "1"]
[SourceVersionDate "2004.11.15"]
[SourceQuality "1"]

1. e4 c6 2. d4 d5 3. e5 Bf5 4. c4 e6 5. Nc3 Ne7 6. a3 dxc4 7. Bxc4 Nd5 8. Nge2 Be7 9. 0-0 0-0 10. Ng3 Bg6 11. f4 Nb6 12. Ba2 Na6 13. f5 exf5 14. Nxf5 Nc7 15. Qg4 Ne6 16. Be3 Qd7 17. Rad1 Rad8 18. Kh1 Nd5 19. Bxd5 Bxf5 20. Rxf5 cxd5 21. Rdf1 g6 22. R5f3 Ng7 23. Qxd7 Rxd7 24. Bh6 Rdd8 25. g3 a6 26. Kg2 b5 27. b4 Rd7 28. R1f2 Rdd8 29. Kf1 Rd7 30. Ke2 Bd8 31. Bxg7 Kxg7 32. e6 Re7 33. Rxf7+ Rfxf7 34. Rxf7+ Rxf7 35. exf7 Kxf7 36. Nxd5 Ke6 37. Nf4+ Kd6 38. Kd3 a5 39. Ke4 a4 40. Nd5 Bg5 41. Nc3 Kc6 42. d5+ Kb6 43. Ne2 Bf6 44. Nd4 Bg5 45. Ke5 Bc1 46. Nc2 Kc7 47. Ke6 h5 48. Nd4 Kb6 49. d6 Bg5 50. d7 h4 51. Kd6 hxg3 52. hxg3 1-0

[Event "MOR-chT2M 0203"]
[Site "Moravia"]
[Date "2002.11.03"]
[Round "2"]
[White "Knazovcik, Ladislav"]
[Black "Zilka, Stepan"]
[Result "1/2-1/2"]
[WhiteElo "2317"]
[BlackElo "2271"]
[PlyCount "92"]
[EventDate "2002.10.??"]
[EventType "team"]
[EventRounds "11"]
[EventCountry "CZE"]
[SourceTitle "EXT 2006"]
[Source "ChessBase"]
[SourceDate "2005.11.24"]
[SourceVersion "1"]
[SourceVersionDate "2005.11.24"]
[SourceQuality "1"]

1. Nf3 c5 2. c4 Nc6 3. Nc3 d6 4. g3 Nf6 5. Bg2 e6 6. 0-0 a6 7. d4 cxd4 8. Nxd4 Bd7 9. Nc2 Qc7 10. b3 Be7 11. Bb2 0-0 12. Rc1 Rac8 13. e4 Rfd8 14. Ne3 Qb8 15. Qe2 b5 16. cxb5 Nd4 17. Qd2 Nxb5 18. Nxb5 axb5 19. Rxc8 Rxc8 20. Rc1 Rxc1+ 21. Qxc1 Qa7 22. a3 Ne8 23. h3 Bg5 24. f4 Bd8 25. Kh2 Bb6 26. Nc2 Bc5 27. Qd2 Kf8 28. Qd3 h6 29. b4 Bb6 30. Nd4 Qb7 31. Qc2 Ke7 32. e5 Qc7 33. Qxc7 Bxc7 34. Bf1 dxe5 35. Nxb5 Bxb5 36. Bxb5 exf4 37. Bxe8 fxg3+ 38. Kg2 Kxe8 39. Bxg7 h5 40. Bf6 Kd7 41. Bh4 f5 42. Bxg3 Bxg3 43. Kxg3 e5 44. b5 Kd6 45. a4 Kc5 46. Kf3 Kb6 1/2-1/2

[Event "Morava-chT 9900"]
[Site "Czech Republic"]
[Date "2000.??.??"]
[Round "9"]
[White "Knazovcik, Ladislav"]
[Black "Malis, Jiri"]
[Result "0-1"]
[WhiteElo "2260"]
[BlackElo "2190"]
[PlyCount "78"]
[EventDate "1999.??.??"]
[EventType "team-tourn"]
[EventRounds "11"]
[EventCountry "CZE"]
[SourceTitle "EXT 2001"]
[Source "ChessBase"]
[SourceDate "2000.11.22"]
[SourceVersion "1"]
[SourceVersionDate "2000.11.22"]
[SourceQuality "1"]

1. Nf3 g6 2. c4 c5 3. Nc3 Bg7 4. g3 Nc6 5. Bg2 e5 6. 0-0 f5 7. e4 Nge7 8. d3 0-0 9. Nd5 d6 10. Nh4 Nxd5 11. exd5 Nd4 12. Nf3 f4 13. Nxd4 cxd4 14. b4 Qf6 15. f3 h5 16. g4 Qg5 17. h3 Rf7 18. Bd2 Bf6 19. Be1 Qh6 20. a4 Rh7 21. a5 Qf8 22. Qe2 Kf7 23. Rc1 Bd7 24. c5 Rc8 25. a6 b6 26. c6 Be8 27. b5 Kg7 28. Bb4 Bf7 29. Qa2 g5 30. Rf2 hxg4 31. hxg4 Kg6 32. Qa3 Qh6 33. Bxd6 Rch8 34. Re2 Qh2+ 35. Kf1 Qg3 36. Rf2 Bxd5 37. Re1 Rh2 38. Qb2 Rxg2 39. Rxg2 Rh1+ 0-1

[Event "Morava-chT 9899"]
[Site "Czech Republic"]
[Date "1999.??.??"]
[Round "10"]
[White "Knazovcik, Ladislav"]
[Black "Hrivnak, Daniel"]
[Result "1-0"]
[WhiteElo "2255"]
[BlackElo "2380"]
[PlyCount "125"]
[EventDate "1998.??.??"]
[EventType "team-tourn"]
[EventRounds "11"]
[EventCountry "CZE"]
[SourceTitle "EXT 2000"]
[Source "ChessBase"]
[SourceDate "1999.11.16"]
[SourceVersion "1"]
[SourceVersionDate "1999.11.16"]
[SourceQuality "1"]

1. Nf3 Nf6 2. c4 g6 3. Nc3 Bg7 4. e4 d6 5. d4 0-0 6. Be2 e5 7. 0-0 Nbd7 8. Be3 c6 9. d5 Qe7 10. Qc2 Re8 11. b4 cxd5 12. cxd5 Ng4 13. Bg5 f6 14. Bd2 Nf8 15. h3 Nh6 16. Be3 Bd7 17. Rfc1 Rec8 18. Nd2 f5 19. f3 f4 20. Bf2 Bf6 21. Nc4 Nf7 22. Na5 Bh4 23. Bf1 Nd8 24. Bxh4 Qxh4 25. Qf2 Qxf2+ 26. Kxf2 a6 27. Nc4 Rc7 28. Nxd6 Nf7 29. Nxf7 Kxf7 30. Ne2 Rxc1 31. Rxc1 Ke7 32. Rc7 Rb8 33. Nc1 Kd6 34. Rc3 Rc8 35. Rxc8 Bxc8 36. Ke2 Nd7 37. Kd2 g5 38. a4 h5 39. Nd3 Nf8 40. Nb2 Ng6 41. Kc3 g4 42. hxg4 hxg4 43. Nc4+ Kc7 44. b5 axb5 45. axb5 b6 46. d6+ Kb7 47. fxg4 Bxg4 48. Kb4 Be6 49. Be2 Nh4 50. Nxe5 Nxg2 51. Bc4 Bh3 52. Bd5+ Kc8 53. Nf3 Ne3 54. Bc6 Be6 55. Ng5 Bg8 56. e5 Nc4 57. Nf3 Kd8 58. Kc3 Na5 59. Kd4 Nxc6+ 60. bxc6 b5 61. Kc5 b4 62. Nd4 b3 63. d7 1-0

[Event "Morava-chT 9900"]
[Site "Czech Republic"]
[Date "1999.??.??"]
[Round "5"]
[White "Vavruska, Antonin"]
[Black "Knazovcik, Ladislav"]
[Result "1/2-1/2"]
[WhiteElo "2208"]
[BlackElo "2267"]
[PlyCount "24"]
[EventDate "1999.??.??"]
[EventType "team-tourn"]
[EventRounds "11"]
[EventCountry "CZE"]
[SourceTitle "EXT 2001"]
[Source "ChessBase"]
[SourceDate "2000.11.22"]
[SourceVersion "1"]
[SourceVersionDate "2000.11.22"]
[SourceQuality "1"]

1. d4 Nf6 2. c4 c5 3. e3 cxd4 4. exd4 d5 5. Nf3 e6 6. Nc3 Bb4 7. cxd5 Nxd5 8. Bd2 Nc6 9. Bd3 0-0 10. 0-0 Be7 11. a3 Bf6 12. Nxd5 Qxd5 1/2-1/2

[Event "Morava-chT 9798"]
[Site "Czech Republic"]
[Date "1998.??.??"]
[Round "8.4"]
[White "Knazovcik, Ladislav"]
[Black "Gibiec, Ernest"]
[Result "1/2-1/2"]
[WhiteElo "2255"]
[BlackElo "2280"]
[PlyCount "104"]
[EventDate "1997.??.??"]
[EventType "team-tourn"]
[EventRounds "11"]
[EventCountry "CZE"]
[SourceTitle "EXT 1999"]
[Source "ChessBase"]
[SourceDate "1998.11.16"]
[SourceVersion "1"]
[SourceVersionDate "1998.11.16"]
[SourceQuality "1"]

1. c4 Nf6 2. Nf3 c6 3. Nc3 d5 4. d4 dxc4 5. a4 Bf5 6. Ne5 Na6 7. e3 Nb4 8. Bxc4 e6 9. 0-0 Be7 10. Qe2 Bg6 11. Rd1 Qc7 12. e4 Rd8 13. Bf4 Qa5 14. h3 0-0 15. g4 Nd7 16. Nxg6 hxg6 17. d5 e5 18. Be3 Nb6 19. dxc6 Nxc4 20. Qxc4 bxc6 21. Rac1 a6 22. Kg2 Rxd1 23. Rxd1 Rd8 24. Qe2 Qc7 25. Rd2 Qc8 26. Qd1 Rxd2 27. Qxd2 Qe6 28. Qd1 Kh7 29. b3 Kg8 30. Nb1 c5 31. Nc3 c4 32. Nd5 cxb3 33. Qxb3 Bf8 34. Bd2 Nc6 35. Qb6 Nd4 36. Qd8 Qd6 37. Qa8 Nc2 38. Qc8 Qc5 39. Qxa6 Qd4 40. Qe2 Qxa4 41. Bc3 Nd4 42. Qd3 Bc5 43. Qb1 Qa7 44. Qa1 Qb8 45. Bxd4 Bxd4 46. Qa3 Qb7 47. Qa4 Qb8 48. Ne7+ Kh7 49. Qc4 Qb7 50. Qxf7 Qxe4+ 51. Kg3 Qd3+ 52. f3 Bf2+ 1/2-1/2

[Event "Morava-chT 9899"]
[Site "Czech Republic"]
[Date "1998.??.??"]
[Round "5"]
[White "Knazovcik, Ladislav"]
[Black "Sobek, Jaroslav"]
[Result "0-1"]
[WhiteElo "2255"]
[BlackElo "2245"]
[PlyCount "100"]
[EventDate "1998.??.??"]
[EventType "team-tourn"]
[EventRounds "11"]
[EventCountry "CZE"]
[SourceTitle "EXT 2000"]
[Source "ChessBase"]
[SourceDate "1999.11.16"]
[SourceVersion "1"]
[SourceVersionDate "1999.11.16"]
[SourceQuality "1"]

1. Nf3 Nf6 2. c4 g6 3. Nc3 Bg7 4. e4 d6 5. d4 0-0 6. Be2 e5 7. 0-0 Nc6 8. d5 Ne7 9. b4 Ne8 10. c5 Kh8 11. Nd2 f5 12. Bf3 Ng8 13. Nc4 Ngf6 14. Re1 f4 15. a4 g5 16. h3 Rg8 17. Ba3 Bf8 18. Bg4 Nxg4 19. hxg4 h5 20. gxh5 g4 21. Kf1 Qh4 22. Ke2 f3+ 23. gxf3 gxf3+ 24. Kd3 Qxf2 25. Ne3 Bh6 26. Ra2 Qg3 27. Bc1 Bxe3 28. Bxe3 Bh3 29. Qc1 a6 30. Rg1 Bg2 31. Nd1 Nf6 32. Bf2 Qg7 33. Qc4 c6 34. dxc6 dxc5 35. bxc5 bxc6 36. Kc2 Qg4 37. Nc3 Rad8 38. Rb2 Qf4 39. Kb1 Rb8 40. Rb6 Ng4 41. Qa2 Rbd8 42. Rb2 Rd3 43. Qc4 Rd2 44. Qa2 Rgd8 45. Rxd2 Qxd2 46. Be1 Rb8+ 47. Ka1 Qc1+ 48. Nb1 Ne3 49. Bc3 Rxb1+ 50. Qxb1 Nc2+ 0-1

[Event "Moravia-ch"]
[Site "Moravia"]
[Date "1997.??.??"]
[Round "?"]
[White "Knazovcik, Ladislav"]
[Black "Dvorak, Tomas"]
[Result "1/2-1/2"]
[WhiteElo "2295"]
[BlackElo "1925"]
[PlyCount "35"]
[EventDate "1997.??.??"]
[EventType "swiss"]
[EventRounds "9"]
[EventCountry "CZE"]
[SourceTitle "EXT 1999"]
[Source "ChessBase"]
[SourceDate "1998.11.16"]
[SourceVersion "1"]
[SourceVersionDate "1998.11.16"]
[SourceQuality "1"]

1. e4 d6 2. d4 Nf6 3. Nc3 g6 4. Bc4 c6 5. Qe2 Bg7 6. e5 Nd5 7. Bd2 0-0 8. 0-0-0 Nxc3 9. Bxc3 b5 10. Bd3 Qb6 11. Nf3 a5 12. Ng5 b4 13. Bd2 a4 14. e6 Qxd4 15. c3 bxc3 16. Bxc3 Qf4+ 17. Bd2 Qf6 18. exf7+ 1/2-1/2